Zásilkové služby na netu

Zásielkové obchody ako najklasickejšia forma predaja tovaru. Výhody zásielkových obchodov.

Gespeichert in:
Bibliographische Detailangaben
1. Verfasser: Bloch, Ladislav
Format: Buchkapitel
Sprache:Tschechisch
Schlagworte:
Tags: Tag hinzufügen
Keine Tags, Fügen Sie das erste Tag hinzu!

MARC

LEADER 00000naa a2200000 4500
001 r047126
005 20231004100516.0
041 0 |a cze 
044 |a CZ 
245 1 0 |a Zásilkové služby na netu  |c Ladislav Bloch 
520 |a Zásielkové obchody ako najklasickejšia forma predaja tovaru. Výhody zásielkových obchodov. 
610 2 0 |a obchod zásielkový 
610 2 0 |a internet 
610 2 0 |a zákazníci 
610 2 0 |a katalógy reklamné 
100 1 |a Bloch, Ladislav